000 00899nam a2200241Ia 4500
003 GCL
008 140319s9999 xx 000 0 ara d
040 _aGCL /
_cGCL
082 0 4 _a320.96
_bع ق
100 1 _aعلى مزروعى
245 1 0 _aقضايا فكرية :
_bافريقيا والاسلام والغرب على اعتاب عصر جديد /
_cعلى مزروعى
250 _aالاولى
260 _aالقاهرة :
_bمركز دراسات المستقبل الافريقى ،
_c1998
300 _a157 ص ؛
_c24 سم
490 _aسلسلة دراسات افريقية
_v6
650 0 4 _aالاسلام والمسيحية
650 0 4 _aالاسلام والمجتمع
650 0 4 _aالاستعمار
650 0 4 _aالاسلام والسياسة
650 0 4 _aالاسلام والغرب
650 0 4 _aافريقيا - الاحوال السياسية
942 _2ddc
_cBK
999 _c8760
_d8760